1668 1710 1337 1834 1965 1726 1977 1675 1811 1045 1317 1324 1819 1515 1052 1472 1834 1182 1343 1544 1981 1580 1595 1485 1211 1646 1186 1857 1639 1401 1901 1412 1053 1906 1611 1704 1719 1549 1538 1720 1565 1277 1335 1757 1506 1667 1030 1141 1674 1480 1497 1877 1467 1531 1461 1755 1616 1777 1166 1926 1692 1079 1671 1806 1268 1629 1470 1983 1933 1943 1763 1419 1729 1330 1731 1567 1848 1144 1868 1864 1236 1902 1999 1643 1396 1325 1282 1539 1941 1906 1124 1092 1119 1491 1186 1122 1847 1128 1908 BCNSPRNW ULIB Ver.6.0+V

เปลี่ยนเป็นภาษาไทย

Change to English
 แสดงรายละเอียดบรรณานุกรม
  กลับหน้าหลัก

Brief Record : Get Marc (ISO 2709) : E-mail record : QR code < ปิดหน้าต่าง
LEADER : 00000nam 2200000uu 4500
001    13399121443
003     ULIB
008    110608s2546 th 000 j tha d
020    ^a9789749166161
090    ^aรส.^bน415ล 2546
100 0  ^aนัน บางนรา
245 10 ^aละคอนโรงเก่าและงานคัดสรร /^cนัน บางนรา
250    ^aพิมพ์ครั้งที่ 1
260    ^aกรุงเทพฯ :^bมูลนิธิสถาบันวิชาการ 14 ตุลา,^c2546
300    ^a81 หน้า ;^c21 ซม.
490 0  ^aหนังสือชุด''ตุลาวรรณกรรม''
500    ^aฉลองครบรอบ 30 ปี 14 ตุลา : 2516-2546 ร่วมวาระประวัติศาสตร์''''วัน 14 ตุลา ประชาธิปไตย''''
650  4 ^aเรื่องสั้น^xรวมเรื่อง
650  4 ^aเรื่องสั้นไทย^xรวมเรื่อง
710 2  ^aมูลนิธิสถาบันวิชาการ 14 ตุลา
945    ^p0^l0^i14356
995    ^aกัณชพร
999    ^aกัณชพร
รายการนี้ยังไม่มีแท็ก
คุณยังไม่ได้ล็อกอิน คุณสามารถมีกิจกรรมร่วมกับเว็บไซต์ได้ แต่ต้องล็อกอินก่อน ::
  ล็อกอิน

รายการสื่อสารสนเทศ

ลำดับที่ ประเภท เลขเรียก/บาร์โค้ด สถานที่ สถานะ
1. นวนิยาย
นวนิยาย
รส. น415ล 2546  
  Barcode: 14356
ห้องสมุดวิทยาเขตสวรรค์ประชารักษ์
►นวนิยาย
บนชั้น
  ขอยืม

รายการใกล้เคียง
    หัวเรื่อง [เรื่องสั้น รวมเรื่อง]

BibComment


ยังไม่เคยถูกคอมเมนท์

คอมเมนท์ทรัพยากรรายการนี้
  คอมเมนท์: ละคอนโรงเก่าและง..


 Copyright 2026. Bcnsprnw @Library